Представление документа в формате RUSMARC

ПолеНазваниеЗначение
  Тип записи a
  Библиографический уровень a
001 Контрольный номер UONB/MAIN/fa9fb14a369748ff9ef22ff59dcd0679
005 Дата корректировки 20260505123546.0
100 Данные общей обработки __
a Данные общей обработки 20260505 ||| 0rusy0189 ca
101 Язык документа 0_
a Язык текста rus
102 Страна публикации __
a Страна публикации RU
200 Заглавие и сведения об ответственности 1_
a Заглавие История надежды и силы
f Первые сведения об ответственности Т. Богданова
203 Вид содержания и тип средства __
a Вид содержания Текст
b Характеристика содержания визуальный
c Тип средства непосредственный
215 Физическое описание __
c Иллюстрации/тип воспроизводства ил., фот.
330 Аннотация __
a Аннотация Кавалер ордена Мужества С. Хрёков из Радищевского района погиб в зоне СВО. Участие его матери И. Хрёковой в телепередаче А. Малахова в Москве.
461 Уровень набора _0
1 2000
a Восход
463 Уровень физической единицы _0
1 2000
a № 9 (9749) (4 марта)
v С. 5
1 2101
d 2026
1 001UONB/MAIN/d32d67af03ee475fad632e4841c3258a
600 Персоналии _1
a Персоналии (Фамилия) Хрёков
b Персоналии (Имя, инициалы) С.
g Полное имя Сергей
600 Персоналии _1
a Персоналии (Фамилия) Хрёкова
b Персоналии (Имя, инициалы) И.
g Полное имя Ирина
607 Географические рубрики __
a Географическое наименование Ореховка, село (Радищевский район ; Ульяновская область)
610 Ключевые слова 0_
a Ключевые слова участники СВО; погибшие в специальной военной операции; кавалеры ордена Мужества; солдатские матери
686 Индексы других классификаций __
a Классификационный индекс 68.42
700 Автор _1
a Фамилия Богданова
b Имя (инициалы) Т.
g Полное личное имя Татьяна
801 Источник записи _0
a Страна RU
b Организация Ульяновская ОНБ
c Дата составления 20260505
g Правила каталогизации RCR
801 Источник записи _1
a Страна RU
b Организация Ульяновская ОНБ
c Дата составления 20260505
g Правила каталогизации RCR
901 Тип документа __
t Тип документа f
w Контрольный № источника UONB/MAIN/d32d67af03ee475fad632e4841c3258a
909 Создатель записи __
a Создатель записи Кулагина
b Дата создания записи 20260505